| 000 | 02100cam a2200349I 4500 | ||
|---|---|---|---|
| 999 |
_c4612 _d4612 |
||
| 001 | 3062482 | ||
| 003 | OCoLC | ||
| 005 | 20190328185643.0 | ||
| 008 | 770622s1928 pau 000 0 eng | ||
| 010 | _a29003986 | ||
| 035 | _atcgc172596 | ||
| 035 |
_a(OCoLC)3062482 _z(OCoLC)60707263 |
||
| 040 |
_aDLC _beng _cOCP _dOCL _dOCLCQ _dOCLCG _dWY@ _dZNS _dSGB _dHNW _dOCLCF |
||
| 050 | 0 | 0 |
_aBS2675 _b.E7 |
| 082 | 0 | 4 |
_aREF 226 _bE66E |
| 100 | 1 |
_aErdman, Charles R. _q(Charles Rosenbury), _d1866-1960. |
|
| 245 | 1 | 4 |
_aThe First epistle of Paul to the Corinthians; _ban exposition, _cby Charles R. Erdman. |
| 260 |
_aPhiladelphia : _bWestminster Press, _c1928. |
||
| 300 |
_a158 pages ; _c18 cm. |
||
| 336 |
_atext _btxt _2rdacontent |
||
| 337 |
_aunmediated _bn _2rdamedia |
||
| 338 |
_avolume _bnc _2rdacarrier |
||
| 490 | 1 | _aCommentaries on the New Testament books. | |
| 505 | 0 | _aThe salutation and thanksgiving -- The problems of the church. Divisions -- Discipline -- Lawsuits -- Impurity -- Marriage -- The use of meat sacrificed to idols -- The veiling of women in public worship -- The observance of the Lord's Supper -- The use of spiritual gifts -- The resurrection of the dead -- Conclusion. | |
| 520 | _aThis letter was written by the Apostle Paul to the Christians of Corinth, and it concerns questions of vital importance relative to the life and ministry and message of the church. While the circumstances under which these questions arose were largely local and temporary, their treatment by the apostle is of immediate interest and abiding value for the reason that he discusses each one in the light of some permanent principle. - Foreword. | ||
| 630 | 0 | 0 |
_aBible. _pCorinthians, 1st _xCriticism, interpretation, etc. |
| 655 | 7 |
_aAuthors' presentation inscriptions (Provenance) _zUnited States _y1928. _2rbprov. |
|
| 655 | 7 |
_aAssociation copies (Provenance) _zUnited States _y1928. _2rbprov. |
|
| 655 | 7 |
_aCriticism, interpretation, etc. _2fast _0(OCoLC)fst01411635. |
|
| 800 | 1 |
_aErdman, Charles R. _q(Charles Rosenbury), _d1866-1960. _tCommentaries on the New Testament books. |
|
| 942 |
_2ddc _cREF |
||